1455 1550 1973 1276 1989 1232 1407 1447 1179 1888 1384 1892 1742 1498 1237 1039 1964 1155 1518 1856 1926 1709 1094 1940 1178 1398 1388 1750 1653 1963 1715 1581 1592 1614 1168 1615 1558 1426 1481 1927 1193 1221 1615 1712 1217 1157 1677 1610 1475 1377 1694 1736 1316 1905 1528 1456 1155 1302 1647 1037 1688 1797 1933 1633 1631 1050 1001 1576 1948 1116 1311 1196 1249 1236 1512 1761 1469 1565 1965 1810 1207 1921 1645 1527 1978 1068 1215 1755 1764 1361 1265 1476 1680 1135 1239 1239 1804 1655 1656 BCNSPRNW ULIB Ver.6.0+V

เปลี่ยนเป็นภาษาไทย

Change to English
 แสดงรายละเอียดบรรณานุกรม
  กลับหน้าหลัก

Brief Record : Get Marc (ISO 2709) : E-mail record : QR code < ปิดหน้าต่าง
LEADER : 00000nam 2200000uu 4500
001    13399123045
003     ULIB
008    131128s2555||||th 000 0 tha d
020    ^a9786162142970
090    ^aนว.^bพ187พ ล.42
100 0  ^aพนมเทียน
245 10 ^aเพชรพระอุมา: แต่ปางบรรพ์ เล่ม 2/^cพนมเทียน
250    ^aพิมพ์รวมเล่มครั้งที่ 6
260    ^aกรุงเทพฯ :^bณ บ้านวรรณกรรม,^c2555
300    ^a338 หน้า
505 00 ^a^gล.1-4^tไพรมหากาฬ --^gล.5-8^tดงมรณะ -- ^gล.9-12^tจอมผีดิบมันตรัย -- ^gล.13-16^tอาถรรพณ์นิทรานคร -- ^gล.17-20^tป่าโลกล้านปี -- ^gล.21-24^tแงซายจอมจักรา -- ^gล.25-28^tจอมพราน -- ^gล.29-32^tไอ้งาดำ -- ^gล.33-36^tจิตรางคนางค์-- ^gล.37-40^tนาคเทวี -- ^gล.41-44^tแด่ปางบรรพ์ -- ^gล.45-48^tมงกุฎไพร
650  4 ^aนวนิยายไทย
945    ^p225^l0^i034246
999    ทศพร
รายการนี้ยังไม่มีแท็ก
คุณยังไม่ได้ล็อกอิน คุณสามารถมีกิจกรรมร่วมกับเว็บไซต์ได้ แต่ต้องล็อกอินก่อน ::
  ล็อกอิน

รายการสื่อสารสนเทศ

ลำดับที่ ประเภท เลขเรียก/บาร์โค้ด สถานที่ สถานะ
1. นวนิยาย
นวนิยาย
นว. พ187พ ล.42 ฉ.1 
  Barcode: 034246
ห้องสมุดวิทยาเขตสวรรค์ประชารักษ์
►นวนิยาย
บนชั้น
  ขอยืม

รายการใกล้เคียง
    ผู้แต่ง [พนมเทียน]

    หัวเรื่อง [นวนิยายไทย]

BibComment


ยังไม่เคยถูกคอมเมนท์

คอมเมนท์ทรัพยากรรายการนี้
  คอมเมนท์: เพชรพระอุมา แต่ป..


 Copyright 2026. Bcnsprnw @Library